[Event "TUR-ch U13/18"]
[Site "Antalya"]
[Date "2023.01.23"]
[Round "3"]
[White "Deniz, Yagiz Efe"]
[Black "Tezcan, Alper"]
[Result "0-1"]
[WhiteElo "1449"]
[BlackElo "1568"]
[PlyCount "86"]
[EventDate "2023.01.17"]
[EventType "swiss"]
[EventRounds "10"]
[EventCountry "TUR"]
[SourceTitle "EXT 2024"]
[Source "ChessBase"]
[SourceDate "2023.10.10"]
[SourceVersion "1"]
[SourceVersionDate "2023.10.10"]
[SourceQuality "1"]

1. e4 e6 2. Nf3 d5 3. exd5 exd5 4. d4 Bg4 5. Be2 Bd6 6. h3 Bh5 7. 0-0 Ne7 8. Bg5 f6 9. Be3 0-0 10. c4 dxc4 11. Bxc4+ Kh8 12. Nbd2 Nd7 13. Qc2 Bg6 14. Bd3 Bxd3 15. Qxd3 c6 16. Ne4 Nc5 17. Nxc5 Bxc5 18. Qb3 Bb6 19. Rad1 Nd5 20. Rfe1 Qd7 21. Nd2 Rfe8 22. Nb1 Bc7 23. Nc3 Nxe3 24. fxe3 Qd6 25. Ne2 Re7 26. Qd3 Qh2+ 27. Kf1 Rae8 28. Ng1 Re4 29. Nf3 Qd6 30. Qd2 Qd5 31. Qf2 Ba5 32. Re2 Qxa2 33. g4 Qd5 34. b4 Bxb4 35. Rb1 a5 36. Nh4 Rxd4 37. Ng2 Rd1+ 38. Rxd1 Qxd1+ 39. Ne1 Rd8 40. Qg3 Qd6 41. Qf2 Qd5 42. Kg1 a4 43. Qg3 Qc4 0-1